000 00569nam a2200217 a 4500
001 20040
003 CO-ViMGA
008 141112s2004 ck r 000 u spa d
020 _a8439706391
040 _aCO-ViMGA
_bspa
_cCO-ViMGA
082 0 4 _aB 869.3 A513c
100 1 _aAmado, Jorge
245 1 0 _aCapitán de altura
260 _aBarcelona :
_bMondadori,
_c2000
300 _a437 p.
490 _aLetra Grande XL
590 _aForma de adquisición : Premio Mincultura
650 1 4 _aCAPITANES - NOVELA
_929081
650 1 4 _aNOVELA BRASILEÑA
942 _2ddc
_cBK
999 _c29155
_d29155